Twentieth Century Interpretations of Sons and Lovers

Gardado en:
Detalles Bibliográficos
Formato: Libro
Idioma:Undetermined
Publicado: New Jersey, Estados Unidos Prentice Hall 1970
Materias:
Etiquetas: Engadir etiqueta
Sen Etiquetas, Sexa o primeiro en etiquetar este rexistro!

MARC

LEADER 00000nam a2200000Ia 4500
008 170316s9999 xx 000 0 und d
040 |a cru BVZT 
090 |a C-820 T-3t 
245 |a Twentieth Century Interpretations of Sons and Lovers 
260 |a New Jersey, Estados Unidos 
260 |b Prentice Hall 
260 |c 1970 
300 |a 121 páginas 
650 |a LITERATURA INGLESA 
650 |a CRÍTICA 
999 |c 12928  |d 12928 
942 |c 15 D  |h C-820 T-3t  |2 z